| 000 | 01050nam a22003137a 4500 | ||
|---|---|---|---|
| 003 | CHAP | ||
| 005 | 20220329140805.0 | ||
| 008 | 971013s1968 r 00010 d | ||
| 010 | _a57660 | ||
| 011 | _a58632 | ||
| 035 | _a62787 | ||
| 040 | _cCHAP | ||
| 082 |
_a639.2 _bS8Y |
||
| 100 | 0 | 0 |
_aStansby, Maurice E. _9109466 |
| 245 | _aTecnología de la industria pesquera | ||
| 260 |
_aZaragoza : _bAcribia, _c(1968) |
||
| 300 |
_a443 p. _b: ilus. |
||
| 590 |
_aBATCH-UPD _b10 _c20130110 _lUCH01 _h1753 |
||
| 590 |
_aBATCH-UPD _b10 _c20130410 _lUCH01 _h1131 |
||
| 590 |
_aBATCH-UPD _b10 _c20130914 _lUCH01 _h1909 |
||
| 590 |
_aCONVERSION _b10 _c20130109 _lUCH01 _h1331 |
||
| 650 | 1 | 4 |
_aPesquería. _987496 |
| 650 | 1 | 4 |
_aProductos pesqueros _xPreservación. _992215 |
| 901 | _aBK | ||
| 942 | _cLIBRO | ||
| 949 |
_a639.2 S8Y _bBC _cLIBRO _d33724000095600 _eLIBRO _h19666 _i62787 _si _t280.00 |
||
| 949 |
_a639.2 S8Y _bBC _cLIBRO _d33724000095618 _eLIBRO _fc.3 _h39476 _i62787 _mD _si |
||
| 949 |
_a639.2 S8Y _bBC _cLIBRO _d33724000097507 _eLIBRO _fc.2 _h39209 _i62787 _si _t280.00 |
||
| 999 |
_c57660 _d57660 |
||